<?xml version="1.0" encoding="UTF-8"?><marc:collection xmlns:marc="http://www.loc.gov/MARC21/slim">
  <marc:record>
    <marc:leader>00000nam  2200000za 4500</marc:leader>
    <marc:controlfield tag="001">9.838583</marc:controlfield>
    <marc:controlfield tag="003">CaOODSP</marc:controlfield>
    <marc:controlfield tag="005">20240925091302</marc:controlfield>
    <marc:controlfield tag="007">cr |||||||||||</marc:controlfield>
    <marc:controlfield tag="008">180220s2017    pica    ob   f100 0 eng d</marc:controlfield>
    <marc:datafield tag="020" ind1=" " ind2=" ">
      <marc:subfield code="a">978-0-660-08857-0</marc:subfield>
      <marc:subfield code="z">978-0-660-08858-7</marc:subfield>
    </marc:datafield>
    <marc:datafield tag="040" ind1=" " ind2=" ">
      <marc:subfield code="a">CaOODSP</marc:subfield>
      <marc:subfield code="b">eng</marc:subfield>
    </marc:datafield>
    <marc:datafield tag="041" ind1=" " ind2=" ">
      <marc:subfield code="a">eng</marc:subfield>
      <marc:subfield code="b">fre</marc:subfield>
    </marc:datafield>
    <marc:datafield tag="043" ind1=" " ind2=" ">
      <marc:subfield code="a">n-cn---</marc:subfield>
    </marc:datafield>
    <marc:datafield tag="086" ind1="1" ind2=" ">
      <marc:subfield code="a">V32-279/2017E-PDF</marc:subfield>
      <marc:subfield code="z">V32-279/2017E</marc:subfield>
    </marc:datafield>
    <marc:datafield tag="111" ind1="2" ind2=" ">
      <marc:subfield code="a">Annual Conference of the Canadian Institute for Military and Veteran Health Research </marc:subfield>
      <marc:subfield code="n">(6th : </marc:subfield>
      <marc:subfield code="d">2016 : </marc:subfield>
      <marc:subfield code="c">Vancouver, B.C.)</marc:subfield>
    </marc:datafield>
    <marc:datafield tag="245" ind1="1" ind2="0">
      <marc:subfield code="a">Veterans’ identities and well-being in transition to civilian life – a resource for policy analysts, program designers, service providers and researchers </marc:subfield>
      <marc:subfield code="h">[electronic resource] : </marc:subfield>
      <marc:subfield code="b">report of the Veterans’ Identities Research Theme Working Group, Canadian Institute for Military and Veteran Health Research Forum 2016 / </marc:subfield>
      <marc:subfield code="c">James M. Thompson … [et al.].</marc:subfield>
    </marc:datafield>
    <marc:datafield tag="246" ind1="1" ind2="7">
      <marc:subfield code="a">Report of the 2016 CIMVHR Forum Research Theme Working Group on Veterans’ Identities</marc:subfield>
    </marc:datafield>
    <marc:datafield tag="260" ind1=" " ind2=" ">
      <marc:subfield code="a">Charlottetown, P.E.I. : </marc:subfield>
      <marc:subfield code="b">Veterans Affairs Canada, </marc:subfield>
      <marc:subfield code="c">2017.</marc:subfield>
    </marc:datafield>
    <marc:datafield tag="300" ind1=" " ind2=" ">
      <marc:subfield code="a">95 p. : </marc:subfield>
      <marc:subfield code="b">col. ill.</marc:subfield>
    </marc:datafield>
    <marc:datafield tag="490" ind1="1" ind2=" ">
      <marc:subfield code="a">VAC Research Directorate technical report</marc:subfield>
    </marc:datafield>
    <marc:datafield tag="500" ind1=" " ind2=" ">
      <marc:subfield code="a">Cover title.</marc:subfield>
    </marc:datafield>
    <marc:datafield tag="500" ind1=" " ind2=" ">
      <marc:subfield code="a">"01 June 2017."</marc:subfield>
    </marc:datafield>
    <marc:datafield tag="504" ind1=" " ind2=" ">
      <marc:subfield code="a">Includes bibliographical references (p. 60-72).</marc:subfield>
    </marc:datafield>
    <marc:datafield tag="520" ind1=" " ind2=" ">
      <marc:subfield code="a">"Transition from military life to civilian life is challenging for all military personnel to some degree. Although most do well, the changes are quite difficult for some. In the wake of the Second World War, researchers began to understand the importance of “identity” in transitioning successfully to civilian life from military service. Since then, researchers have been working hard to understand what happens to serving members’ sense of who and what they are and how they relate to society after they leave the military. The goal of their work is to support the well-being of Veterans (former military members) and their families. This Technical Report highlights important implications for policy and program development, service delivery, communications, commemoration and societal recognition. Identity research explains why Veterans helping Veterans (peer support) is important in helping Veterans deal with identity challenges as they adapt to civilian life. The research shows how civilians can become sensitive to Veterans’ identities. The report suggests priorities for research needed to answer remaining important questions about Veterans’ identities and well-being”--Plain language summary, p. 5.</marc:subfield>
    </marc:datafield>
    <marc:datafield tag="530" ind1=" " ind2=" ">
      <marc:subfield code="a">Issued also in print format.</marc:subfield>
    </marc:datafield>
    <marc:datafield tag="546" ind1=" " ind2=" ">
      <marc:subfield code="a">Includes summaries in French.</marc:subfield>
    </marc:datafield>
    <marc:datafield tag="692" ind1="0" ind2="7">
      <marc:subfield code="2">gccst</marc:subfield>
      <marc:subfield code="a">Veterans</marc:subfield>
    </marc:datafield>
    <marc:datafield tag="692" ind1="0" ind2="7">
      <marc:subfield code="2">gccst</marc:subfield>
      <marc:subfield code="a">Quality of life</marc:subfield>
    </marc:datafield>
    <marc:datafield tag="693" ind1=" " ind2="4">
      <marc:subfield code="a">Well-being</marc:subfield>
    </marc:datafield>
    <marc:datafield tag="693" ind1=" " ind2="4">
      <marc:subfield code="a">Identity (Psychology)</marc:subfield>
    </marc:datafield>
    <marc:datafield tag="700" ind1="1" ind2=" ">
      <marc:subfield code="a">Thompson, James M., </marc:subfield>
      <marc:subfield code="d">1952-</marc:subfield>
    </marc:datafield>
    <marc:datafield tag="710" ind1="1" ind2=" ">
      <marc:subfield code="a">Canada. </marc:subfield>
      <marc:subfield code="b">Veterans Affairs Canada. </marc:subfield>
      <marc:subfield code="b">Research Directorate.</marc:subfield>
    </marc:datafield>
    <marc:datafield tag="710" ind1="1" ind2=" ">
      <marc:subfield code="a">Canadian Institute for Military and Veteran Health Research.</marc:subfield>
    </marc:datafield>
    <marc:datafield tag="776" ind1="0" ind2="#">
      <marc:subfield code="t">Veterans’ identities and well-being in transition to civilian life : </marc:subfield>
      <marc:subfield code="w">(CaOODSP)9.838585</marc:subfield>
    </marc:datafield>
    <marc:datafield tag="794" ind1=" " ind2=" ">
      <marc:subfield code="t">Veterans’ identities and well-being in transition to civilian life </marc:subfield>
      <marc:subfield code="w">(CaOODSP)9.857306</marc:subfield>
    </marc:datafield>
    <marc:datafield tag="830" ind1="#" ind2="0">
      <marc:subfield code="a">Technical report (Canada. Veterans Affairs Canada. Research Directorate)</marc:subfield>
      <marc:subfield code="w">(CaOODSP)9.844433</marc:subfield>
    </marc:datafield>
    <marc:datafield tag="856" ind1="4" ind2="0">
      <marc:subfield code="q">PDF</marc:subfield>
      <marc:subfield code="s">2.09 MB</marc:subfield>
      <marc:subfield code="u">https://publications.gc.ca/collections/collection_2018/acc-vac/V32-279-2017-eng.pdf</marc:subfield>
    </marc:datafield>
  </marc:record>
</marc:collection>
